000 00993nam a2200217 a 4500
001 000000467
005 20241021092515.0
008 081209s2008 dr a 000 f spa d
020 _z9789945160788
040 _aDO-SdBNP
_bspa
_cBNPHU
082 _aRD863.5
_bS684p
100 1 _aSolano, Miguel,
_91543
245 1 0 _aPrisajú :
_b¡el extraño caso del perro que quería ser rey! /
_cMiguel Solano.
260 _aSanto Domingo :
_bAQI,
_c2008.
300 _a102 p. :
_bil. ;
_c21 cm.
500 _aIncluye breve reseña del autor en la solapa
505 0 _aAgradecimiento y advertencia -- Pacto incorruptible -- Profecía -- El propietario -- El compromiso -- La reacción -- La condena -- El regalo -- La hora de comer -- El aviso -- La renuncia -- Solidaridad -- El pedido -- ¡Pa̓ gozaaaaaaa! -- Paseo del deseo -- Manipulador de influencias -- Su tiempo con él.
650 0 _aCuentos dominicanos
_9176
650 0 _aLiteratura dominicana.
_967
910 _aValidado. Control de calidad MFF
999 _c465
_d465